000 00364nam a2200145Ia 4500
008 230917s9999||||xx |||||||||||||| ||und||
040 _e215594
_aMAIN
041 _aEnglish
082 _a587 V442B
100 _aVashishta, P C
245 0 _aBotany for degree students: Pterdophyta
260 _aNew Delhi
_bS Chand
_c2014
300 _axii, 628 p.
942 _cBK
999 _c179737
_d179737